00478nam a22001452 4500001001100000005001700011008004100028040001500069100004300084245010200127250001300229260004000242300001700282650003300299000002552120151217154552.0151015s xx 000 0 eng d aKABUcKABU1 aAlfaro-LeFevre, Rosalinda.@000018621610aApplying Nursing Process :bThe foundation for Clinical Reasoning /cby Rosalinda Alfaro-LeFevre. a 8th ed. aNew York :bWolters, Kluwer,c2014. a xxv, 236p. 0aNursing process.@0000179335